[Event "Staunton Memorial 3"]
[Site "London"]
[Date "2005.08.30"]
[Round "10"]
[White "Levitt, Jonathan"]
[Black "McNab, Colin"]
[Result "1-0"]
[WhiteElo "2441"]
[BlackElo "2451"]
[Annotator "JvR"]
[PlyCount "115"]
[EventDate "2005.08.19"]
[SourceDate "1999.07.01"]

{Speelman and McNab led by half-a-point before Levitt. Speelman concluded the
event by a short draw. So Levitt and McNab could fight for the overall win.} 1.
d4 d6 2. Nf3 g6 3. c4 Bg7 4. Nc3 Nd7 5. e4 e5 6. Be2 Ngf6 7. O-O O-O 8. Re1 c6
9. Bf1 a5 10. dxe5 dxe5 11. Na4 Qe7 12. Qc2 b6 13. Be3 Rb8 14. Rac1 $5 Ba6 15.
h3 Rfc8 16. Nd2 Bf8 17. Red1 Qe6 18. Nb3 Qe7 19. a3 h5 20. c5 $1 Bxf1 21. Kxf1
b5 22. Nb6 $1 Nxb6 23. cxb6 a4 $5 24. Nc5 $5 Rxb6 25. Nxa4 Rb7 26. Nc5 Rbc7 27.
Rd3 {
White has an advantage. He blockades the queenside and controls an open file.}
Qe8 28. Na6 Rd7 29. Rc3 Qd8 30. Kg1 Qa5 31. Nc5 Bxc5 $2 (31... Rdc7 32. f3 Be7
{prolongs the game.}) 32. Rxc5 $1 Qc7 33. f3 $1 Rd6 34. Rxb5 {
Levitt gains a pawn.} Nd7 ({Or} 34... cxb5 35. Qxc7 Rxc7 36. Rxc7) 35. Rb3 Qa5
36. Rc3 Qb5 37. b3 Kg7 38. a4 Qa5 39. Rc4 Rb8 40. Qc3 Qa6 41. Bf2 g5 42. h4
gxh4 43. Kh2 Rc8 44. Bxh4 f6 45. Bf2 Nb8 46. Qb4 Rcd8 47. Bc5 Rd3 48. Be7 Rg8
49. Bd6 c5 $5 50. Bxc5 Qe6 51. R4c3 Rd7 52. Qc4 Qe8 53. Be3 Kh8 54. Qe2 Rdg7
55. R3c2 Qg6 56. Rc8 Qxg2+ 57. Qxg2 Rxg2+ 58. Kh1 $1 {The final standings
became: Levitt and Speelman 6/10, McNab 51/2, Howell and Day 41/2, Houska 31/2.
Levitt got the trophy on tie-break.} 1-0

[Event "Staunton Memorial 4"]
[Site "London/Crowthorne"]
[Date "2006.08.14"]
[Round "1"]
[White "Lanchava, Tea"]
[Black "Wells, Peter"]
[Result "1-0"]
[WhiteElo "2389"]
[BlackElo "2480"]
[Annotator "JvR"]
[PlyCount "55"]
[EventDate "2006.08.14"]
[SourceDate "1999.07.01"]

{The fourth Staunton Memorial happened in London from 14 until 25 viii 2006.
Six rounds were played in Simpson's-in-the-Strand. Jan Mol was the new sponsor.
The event became an encounter between six British and six Dutch players, as a
consequence.} 1. d4 Nf6 2. c4 e6 3. Nc3 Bb4 4. e3 O-O 5. Nge2 Re8 6. a3 Bf8 7.
g3 d5 8. cxd5 exd5 9. Bg2 c6 10. Nf4 $5 ({Theory is} 10. O-O) 10... g6 11. O-O
h5 12. Re1 Bg7 13. h4 Bf5 14. f3 $1 {Tea plans an attack.} Na6 15. Qb3 $5 {
She hesitates.} Re7 16. Bd2 Ne8 $6 (16... Qd6 {moves forwards.}) 17. Kh1 Nd6 $6
(17... Kh7 $1 18. e4 dxe4 19. fxe4 Bg4 {defends properly.}) 18. e4 $1 Bd7 19.
Be3 $1 Kh7 $2 (19... Nc4 $1 20. Bf2 Qb6 21. Qa2 Nc7 {offers more resistance.})
20. exd5 Rxe3 $5 21. Rxe3 Nf5 ({Or} 21... Bxd4 22. Re2 Nc5 23. Qa2) 22. dxc6 $1
Nxe3 23. cxd7 Nxg2 24. Ne4 $5 Nxf4 25. Ng5+ $1 Kg8 26. Qxf7+ Kh8 27. gxf4 Qf6
28. Qe8+ $1 {
Tea Lanchava is a Dutch lady from Georgian descent. She attacks well.} 1-0

[Event "Staunton Memorial 4"]
[Site "London/Crowthorne"]
[Date "2006.08.15"]
[Round "2"]
[White "Levitt, Jonathan"]
[Black "Sokolov, Ivan"]
[Result "0-1"]
[WhiteElo "2431"]
[BlackElo "2652"]
[Annotator "JvR"]
[PlyCount "104"]
[EventDate "2006.08.14"]
[SourceDate "1999.07.01"]

1. d4 d5 2. c4 e6 3. Nf3 Bb4+ 4. Bd2 a5 5. a3 Bxd2+ 6. Nbxd2 Nf6 7. e3 O-O 8.
Be2 Nbd7 $5 9. O-O Qe7 10. Qc2 c5 11. cxd5 Nxd5 12. Bb5 cxd4 13. Nxd4 N7f6 14.
Rac1 Rd8 15. Rfd1 Bd7 16. Bxd7 Rxd7 17. Nb5 Rad8 18. Nb3 Ra8 19. Qc5 Qd8 20.
Qc2 Qb6 21. Qc5 Qd8 22. Qc2 Qe8 $5 {Sokolov avoids a repetition of moves.} 23.
e4 $2 ({Better is} 23. Qe2) 23... Ne3 $1 24. fxe3 Rxd1+ 25. Qxd1 Qxb5 {
The white position has been weakened.} 26. Rc5 Qb6 27. Qc2 Rd8 28. Nd4 Ng4 $1 {
He threatens ..Nxe3 or ..e5.} 29. Rb5 Qd6 30. e5 $1 Nxe5 31. Qc5 $2 (31. Qe4 $1
Nc6 32. Rxb7 Nxd4 33. Qxd4 Qxd4 34. exd4 g6 35. b4 $5 Rxd4 36. bxa5 Ra4 37. Rb5
{tries to survive in a rook ending.}) 31... Qxc5 32. Rxc5 Ng4 33. Rxa5 $2 e5 $1
{Black gains a piece.} 34. h3 exd4 35. exd4 ({The pointe is} 35. hxg4 d3 $1)
35... Nf6 36. Ra7 b6 37. Rb7 Nd5 38. Kf2 g6 39. Ke2 Rd6 40. g3 h5 41. Kd3 Kg7
42. Kc4 Ne3+ 43. Kb5 Nf5 44. Rxb6 Nxd4+ 45. Kc5 Rxb6 46. Kxb6 f5 47. Kc5 Nb3+
48. Kc4 g5 $1 49. Kd3 ({Or} 49. Kxb3 f4 50. gxf4 g4 $1 {and Black wins.}) 49...
Kf6 50. Ke3 Ke5 51. a4 f4+ 52. gxf4+ gxf4+ {Sokolov started by 3/3.} 0-1

[Event "Staunton Memorial 4"]
[Site "London/Crowthorne"]
[Date "2006.08.16"]
[Round "3"]
[White "Visser, Yge"]
[Black "Adams, Michael"]
[Result "0-1"]
[WhiteElo "2516"]
[BlackElo "2732"]
[Annotator "JvR"]
[PlyCount "114"]
[EventDate "2006.08.14"]
[SourceDate "1999.07.01"]

1. e4 e5 2. Nf3 Nc6 3. Bb5 a6 4. Ba4 Nf6 5. O-O Be7 6. Re1 b5 7. Bb3 d6 8. c3
O-O 9. d3 Na5 10. Bc2 c5 11. Nbd2 Nd7 12. Nf1 Nc6 13. Ne3 Nb6 14. Bb3 $5 Be6
15. d4 $6 exd4 16. cxd4 Nxd4 17. Nxd4 cxd4 18. Qxd4 Bf6 19. Qd3 Rc8 20. Rb1 Nc4
21. Bxc4 bxc4 22. Qa3 Be5 $1 {The simplifications gave Black an easy game.} 23.
h3 $5 (23. Qxa6 $2 Ra8 24. Qb5 Qh4 25. Nf1 Rfb8 {wins for Black.}) 23... Qd7
24. Bd2 f5 25. exf5 Bxf5 26. Nxf5 Qxf5 27. Be3 d5 $1 28. Rbd1 ({The pointe is} 
28. Qxa6 d4 29. f4 dxe3 30. fxe5 e2) 28... d4 29. f4 dxe3 30. fxe5 Qf2+ 31. Kh2
e2 {Adams attacks elegantly.} 32. Rc1 Rc6 33. Qc3 Kh8 34. e6 $1 Rxe6 35. Qxc4
Re3 $5 36. Qg4 $5 h6 37. Rc7 Qf6 38. Rcc1 $2 (38. Rc8 $1 Rxc8 39. Qxc8+ Kh7 40.
Kg1 {defends properly.}) 38... Qd6+ 39. Kg1 Qd2 40. Kh2 Qxb2 41. Rc8 Rfe8 42.
Qd7 Qe5+ $1 43. Kg1 Qh5 44. Qc6 a5 45. a4 Rxc8 46. Qxc8+ Re8 47. Qc6 Qe5 48.
Qb5 Qe3+ 49. Kh1 Re5 50. Qb8+ Kh7 51. Qb1+ g6 52. Qb8 Re7 53. Qf8 h5 54. Qf6
Qe4 55. h4 Kg8 56. Kg1 Rf7 57. Qd6 $5 Rf1+ $1 {Adams competed well.} 0-1

[Event "Staunton Memorial 4"]
[Site "London/Crowthorne"]
[Date "2006.08.16"]
[Round "3"]
[White "Wells, Peter"]
[Black "Speelman, Jonathan"]
[Result "1-0"]
[WhiteElo "2480"]
[BlackElo "2541"]
[Annotator "JvR"]
[PlyCount "39"]
[EventDate "2006.08.14"]
[SourceDate "1999.07.01"]

1. e4 g6 2. d4 Bg7 3. Nc3 c6 4. Nf3 d5 5. h3 Nf6 6. e5 Ne4 7. Bd3 Nxc3 8. bxc3
c5 9. O-O c4 10. Be2 f6 $5 ({An alternative is} 10... Qa5 11. Bd2 f6) 11. exf6
exf6 12. Ba3 $1 Kf7 $5 13. Rb1 Qa5 14. Bxc4 $3 {
Wells delivers a surprising sacrifice.} dxc4 15. Qe2 Qc7 (15... Qxa3 $5 16.
Qxc4+ Ke7 $1 {(Timman)} 17. Qc7+ Nd7 18. Rfe1+ Kf7 19. Qc4+ Kf8 20. Qd5 {
leads to mutual chances.}) 16. Rfe1 Bf8 $2 {A blunder brings a forced loss.} ({
Right is} 16... Rd8 $1 17. Rxb7 $1 Qxb7 18. Qxc4+ Rd5 19. Re7+ $5 Qxe7 20. Bxe7
Be6 {and Speelman slightly favours White.}) 17. Qe8+ Kg7 18. Bxf8+ Rxf8 19.
Re7+ Kg8 20. Qxf8+ $1 {Wells got the prize for the best game.} 1-0

[Event "Staunton Memorial 4"]
[Site "London/Crowthorne"]
[Date "2006.08.17"]
[Round "4"]
[White "Timman, Jan"]
[Black "Speelman, Jonathan"]
[Result "1-0"]
[WhiteElo "2594"]
[BlackElo "2541"]
[Annotator "JvR"]
[PlyCount "83"]
[EventDate "2006.08.14"]
[SourceDate "1999.07.01"]

1. e4 e6 2. d4 d5 3. e5 c5 4. c3 Nc6 5. Nf3 Bd7 6. Be2 Nge7 7. Na3 cxd4 8. cxd4
Nc8 9. Nc2 Nb6 10. O-O Be7 11. Bd3 Rc8 $5 12. Re1 Nb4 13. Nxb4 Bxb4 14. Bg5 $1
Be7 15. Bxe7 Qxe7 16. b3 h6 17. Qd2 Qa3 18. Re3 $1 O-O 19. Ne1 $1 Rc7 20. b4 {
Timman threatens Bh7+.} Qa4 21. Rg3 Kh8 22. Bc2 Qa6 23. a4 $1 Bxa4 24. Bd3 Nc4
25. Qf4 b5 $5 ({The alternative is} 25... Qc6 26. Rh3 Kg8 27. Rxh6 $1 gxh6 28.
Qxh6 f5 29. exf6 Rff7 30. Qg5+ Kf8 31. Bg6 {and White charges.}) 26. Rh3 Kg8
27. Rg3 $5 Kh8 28. Rh3 Kg8 29. Qg3 $1 Nd2 ({Or} 29... Nb2 30. Rxh6 Nxd3 31.
Nxd3 Qc6 32. Nc5) 30. Rxh6 Ne4 31. Bxe4 dxe4 32. d5 $5 Qc8 33. Rh5 f6 34. exf6
exd5 35. Qh4 (35. Rc1 $1 {decides the game elegantly.}) 35... Qe6 (35... gxf6
36. Rh6 Qb7 {(Timman)} 37. Ra3 $1 {wins for White.}) 36. f7+ Kxf7 37. Qf4+ Kg6
38. Qg5+ Kf7 39. Qf4+ Kg6 40. Rg5+ Kh7 41. Qxf8 Rf7 42. Qd8 {
Speelman suffered from another attack.} 1-0

[Event "Staunton Memorial 4"]
[Site "London/Crowthorne"]
[Date "2006.08.18"]
[Round "5"]
[White "Lanchava, Tea"]
[Black "L'Ami, Erwin"]
[Result "0-1"]
[WhiteElo "2389"]
[BlackElo "2586"]
[Annotator "JvR"]
[PlyCount "32"]
[EventDate "2006.08.14"]
[SourceDate "1999.07.01"]

1. Nf3 c5 2. c4 Nc6 3. e3 g6 4. d4 Bg7 5. Nc3 d6 6. Be2 Nh6 7. d5 Na5 8. Qc2 $5
({The alternative is} 8. e4) 8... O-O 9. h4 $5 {Tea wants to attack.} a6 $5 10.
h5 Ng4 $1 11. hxg6 fxg6 $1 {Black keeps the h-file closed.} 12. Ng5 $2 {
She intensifies the confrontation.} ({Preferable is} 12. e4 Bd7 13. Nd1) 12...
Rxf2 $1 13. Rxh7 (13. Bd2 Rxg2 14. Qe4 Rxe2+ $1 15. Kxe2 Nf6 16. Qd3 {(L'Ami)}
Bg4+ {favours Black.}) 13... Qf8 $1 {Black supports his counter.} 14. Qxg6 $2 (
{Better is} 14. Nd1 $1 Rxg2 15. Qxg6 Rg1+ 16. Kd2 Nf6 17. Rh4 b5 {
but Black has an advantage.}) 14... Rxe2+ $1 15. Kxe2 Qf2+ 16. Kd1 Qf1+ ({
The forced win is} 16... Qf1+ 17. Kd2 Nxc4+ 18. Kc2 Ngxe3+ 19. Bxe3 Nxe3+ 20.
Kd2 Nc4+ 21. Kc2 Qf2+ 22. Kb3 Qxb2+ 23. Kxc4 Qxc3#) 0-1

[Event "Staunton Memorial 4"]
[Site "London/Crowthorne"]
[Date "2006.08.18"]
[Round "5"]
[White "Sokolov, Ivan"]
[Black "Howell, David"]
[Result "1-0"]
[WhiteElo "2652"]
[BlackElo "2479"]
[Annotator "JvR"]
[PlyCount "87"]
[EventDate "2006.08.14"]
[SourceDate "1999.07.01"]

1. d4 Nf6 2. c4 g6 3. Nc3 d5 4. cxd5 Nxd5 5. e4 Nxc3 6. bxc3 Bg7 7. Qa4+ Qd7 8.
Qb3 O-O 9. Nf3 b6 10. Be3 Bb7 11. Bd3 c5 12. O-O Nc6 13. Rad1 Na5 14. Qb1 cxd4
15. cxd4 e6 16. h4 f5 $5 (16... Rac8 {
was played in Milov - Rowson, Port Barcares 2005.}) 17. Bb5 Qd6 18. d5 $1 {
Sokolov takes the initiative by two pawn sacrifices.} exd5 19. e5 $1 Bxe5 20.
Nxe5 Qxe5 21. Bd4 Qe4 $2 ({Better is} 21... Qd6 $1 22. Qc1 Rad8) 22. Qc1 $1
Qxh4 {The capture of a third pawn indicates desperation.} 23. Qc7 $2 (23. Qe3
$1 Rf7 24. Rfe1 $1 Raf8 25. Be8 {wins for White.}) 23... Rf7 24. Qe5 Re7 $1 {
Black creates an opening for his king.} 25. Qh8+ Kf7 26. Qg7+ Ke6 27. Rfe1+ Kd6
28. Be5+ Kc5 {The black king has escaped from the mating net.} 29. Bd4+ Kd6 $1
30. Rxe7 $5 Qxe7 31. Qh6 Bc6 32. Bc3 Kc7 33. Bb4 Qd7 (33... Qxb4 34. Qxh7+ Kb8
35. Qg8+ Kb7 36. Qf7+ Kb8 37. Qg8+ {leads to perpetual check.}) 34. Ba6 Bb5 $2
(34... Bb7 35. Rc1+ Nc6 36. Rxc6+ Qxc6 37. Qxh7+ {still draws.}) 35. Bxb5 Qxb5
36. Bxa5 Qxa5 37. Qxh7+ Kc6 38. Rc1+ $1 Kb5 39. Qb7 $1 {
The resumed  king hunt becomes successful.} Rh8 40. Rb1+ Kc4 41. Qc6+ Kd3 42.
Rd1+ Ke4 43. Qe6+ Kf4 44. Rd4+ {Sokolov is going to deliver mate in two.} 1-0

[Event "Staunton Memorial 4"]
[Site "London/Crowthorne"]
[Date "2006.08.21"]
[Round "7"]
[White "Wells, Peter"]
[Black "Adams, Michael"]
[Result "0-1"]
[WhiteElo "2480"]
[BlackElo "2732"]
[Annotator "JvR"]
[PlyCount "56"]
[EventDate "2006.08.14"]
[SourceDate "1999.07.01"]

{The last five rounds were played in Wellington College at Crowthorne outside
London. Sokolov had the lead.} 1. d4 Nf6 2. c4 e6 3. Nc3 Bb4 4. Nf3 b6 5. Qb3
c5 6. a3 Ba5 7. Bg5 h6 8. Bh4 g5 9. Bg3 g4 10. Nd2 cxd4 11. Nb5 Ne4 12. Nc7+
Kf8 13. O-O-O Nxd2 14. Rxd2 Bxd2+ 15. Kxd2 Bb7 16. Bd6+ Kg7 17. Qg3 Nc6 18.
Nxa8 Bxa8 19. Qxg4+ Qg5+ 20. Qxg5+ hxg5 21. b4 Kf6 {Adams has little advantage.
} 22. c5 $5 ({The alternative is} 22. e3 {
and Black won in Gretarsson - Adams, Reykjavik 2003.}) 22... Ne7 $1 23. cxb6
axb6 24. e3 $2 ({Preferable is} 24. h4 $5 Rxh4 25. Rxh4 gxh4 26. a4) 24...
dxe3+ 25. fxe3 e5 26. h3 $5 {It is problematic to develop the white kingside.}
Nf5 $1 27. Bc7 Ng3 28. Rg1 Ne4+ {Adams chased the leader Sokolov.} (28... Ne4+
29. Kd1 Nc3+ 30. Kd2 Nd5 31. Bd6 Ke6 32. e4 Kxd6 33. exd5 f5 {wins for Black.})
0-1

[Event "Staunton Memorial 4"]
[Site "London/Crowthorne"]
[Date "2006.08.21"]
[Round "7"]
[White "Werle, Jan"]
[Black "Visser, Yge"]
[Result "1-0"]
[WhiteElo "2531"]
[BlackElo "2516"]
[Annotator "JvR"]
[PlyCount "65"]
[EventDate "2006.08.14"]
[SourceDate "1999.07.01"]

1. Nf3 Nf6 2. c4 g6 3. Nc3 Bg7 4. e4 d6 5. d4 O-O 6. Be2 Na6 7. O-O e5 8. Be3
h6 9. d5 Ng4 10. Bd2 f5 11. g3 f4 $5 12. Nh4 Qg5 13. Ng2 $5 h5 $5 14. f3 $5
Nxh2 $5 {Visser starts an adventure.} 15. Kxh2 fxg3+ 16. Kg1 Rf4 $2 (16... Qe7
$1 17. Qe1 h4 18. Bd1 Qd7 19. Qe2 {activates the white queen as a defender.})
17. Qc1 Bh3 18. Rd1 Raf8 19. Bf1 Bxg2 20. Bxg2 Qh4 $1 21. Bxf4 exf4 22. Kf1 Qh2
23. Ne2 Nc5 24. Ng1 Nxe4 25. Qc2 $1 Nf2 26. Qxg6 Ng4 27. Re1 Ne3+ 28. Rxe3 fxe3
29. Qe6+ Kh8 30. Qxe3 (30. Nh3 $1 {ends the game.}) 30... Qh4 31. Re1 $2 Bd4 $2
(31... Qxc4+ 32. Ne2 Qxd5 {grabs two pawns.}) 32. Qd3 Bf2 33. Re6 {
Werle has an extra knight.} 1-0

[Event "Staunton Memorial 4"]
[Site "London/Crowthorne"]
[Date "2006.08.23"]
[Round "9"]
[White "Werle, Jan"]
[Black "Timman, Jan"]
[Result "0-1"]
[WhiteElo "2531"]
[BlackElo "2594"]
[Annotator "JvR"]
[PlyCount "56"]
[EventDate "2006.08.14"]
[SourceDate "1999.07.01"]

1. Nf3 c5 2. c4 Nc6 3. d4 cxd4 4. Nxd4 e6 5. g3 Qb6 6. Nb3 Ne5 7. N1d2 {
They play an adventurous opening.} Bb4 $5 ({Known is} 7... a5) 8. a3 Qc6 $1 9.
axb4 $2 {The sacrifice of an exchange is too ambitious.} Qxh1 10. Nd4 Nf6 11.
N4f3 {The black queen has been imprisoned.} d6 12. b3 $5 O-O 13. Bb2 Nxf3+ 14.
exf3 ({Or} 14. Nxf3 e5 $1 15. Qd2 Bh3) 14... e5 $1 15. h4 Bh3 16. Qe2 Bxf1 17.
Nxf1 Qh3 18. O-O-O Qe6 {The queen has escaped.} 19. Ne3 b5 20. f4 bxc4 21. f5
Qe8 22. bxc4 Qa4 23. b5 a6 24. b6 Qc6 25. g4 Rfe8 26. g5 Nd7 27. f6 Nxb6 28.
fxg7 Nxc4 {Timman was chasing Sokolov.} 0-1

[Event "Staunton Memorial 4"]
[Site "London/Crowthorne"]
[Date "2006.08.25"]
[Round "11"]
[White "Speelman, Jonathan"]
[Black "Sokolov, Ivan"]
[Result "0-1"]
[WhiteElo "2541"]
[BlackElo "2652"]
[Annotator "JvR"]
[PlyCount "66"]
[EventDate "2006.08.14"]
[SourceDate "1999.07.01"]

{Sokolov, Timman and Adams shared the lead, when the last round began. Adams
played a quiet draw and Timman escaped from a difficult position. So Sokolov
could aim at the overall victory.} 1. d4 d5 2. c4 c6 3. Nf3 Nf6 4. Nc3 dxc4 5.
a4 Bf5 6. e3 e6 7. Bxc4 Bb4 8. O-O Nbd7 9. Qe2 Bg4 10. h3 Bh5 11. e4 Bxf3 12.
Qxf3 Nb6 13. Bb3 Qxd4 14. a5 $5 ({An alternative is} 14. Rd1 Qe5 15. Bf4 Qh5)
14... Nbd7 15. Rd1 Qc5 16. a6 bxa6 $5 17. Be3 Qe7 18. Qg3 $6 ({The natural} 18.
Rxa6 {keeps the equality.}) 18... O-O 19. Bg5 Qc5 20. Be3 Qh5 21. Bc2 a5 22.
Bg5 e5 $1 23. Rd3 Qg6 24. Qh4 h6 25. Be3 Rfe8 26. Ba4 Rac8 27. Bxa7 Be7 28. Rg3
Qh7 29. Rf3 Nf8 30. Qg3 Ng6 31. Rf5 Bb4 32. Bb3 Re7 {
Black has little advantage.} 33. Rd1 $4 {Speelman blunders a piece.} ({Right is
} 33. Be3) 33... Rxa7 {Final standings: Ivan Sokolov 9/11, Timman and Adams 81/
2, Werle 7, L'Ami 61/2, Wells 51/2, Speelman 5, Lanchava 41/2, Visser 4,
Howell 31/2, Levitt 3, Day 1. The Dutch players were more successful.} 0-1

[Event "Staunton Memorial 5"]
[Site "London"]
[Date "2007.08.07"]
[Round "1"]
[White "McNab, Colin"]
[Black "Sokolov, Ivan"]
[Result "1-0"]
[WhiteElo "2416"]
[BlackElo "2666"]
[Annotator "JvR"]
[PlyCount "85"]
[EventDate "2007.08.07"]
[SourceDate "1999.07.01"]

{The fifth Staunton Memorial happened in Simpson's-in-the-Strand from 7 until
18 viii 2007. Again six British and six Dutch players participated. They were
lodged in the Staunton Hotel.} 1. Nf3 d5 2. g3 Bg4 3. Bg2 Nd7 4. d3 e6 5. Nbd2
Bd6 6. h3 Bh5 7. e4 c6 8. O-O Ne7 9. b3 O-O 10. Bb2 a5 11. a3 f6 12. Qe1 $5 e5
13. d4 Qc7 14. c4 Bxf3 15. Bxf3 exd4 16. exd5 c5 $5 ({Preferable is} 16... Be5)
17. Qe6+ Kh8 18. Ne4 Nc8 19. Bg2 Ra6 20. Nxd6 $5 Nxd6 $1 21. Qe2 a4 22. b4 b6
$2 {Sokolov misses a trick.} 23. Bxd4 $1 Raa8 ({The pointe is} 23... cxd4 24.
c5 $1) 24. bxc5 Nxc5 25. Rae1 Nb3 26. Bc3 Rae8 27. Qh5 $6 (27. Qg4 $1 Qxc4 28.
Qxc4 Nxc4 29. Bb4 {attacks.}) 27... Qxc4 28. Bb4 Nc5 29. Rc1 Qb5 30. Rfe1 f5 $6
(30... Rxe1+ 31. Rxe1 Qd7 {offers more resistance.}) 31. Rxe8 Rxe8 32. Bf1 Qd7
33. Bxc5 bxc5 34. Rxc5 Ne4 35. Bb5 Qd8 36. Qxe8+ Qxe8 37. Bxe8 Nxc5 38. d6 Kg8
39. Bxa4 $1 Kf7 40. d7 Ke7 41. Bb5 f4 42. gxf4 Ne6 43. a4 {
The winner of the previous event had a poor start.} 1-0

[Event "Staunton Memorial 5"]
[Site "London"]
[Date "2007.08.08"]
[Round "2"]
[White "Timman, Jan"]
[Black "Adams, Michael"]
[Result "0-1"]
[WhiteElo "2560"]
[BlackElo "2724"]
[Annotator "JvR"]
[PlyCount "84"]
[EventDate "2007.08.07"]
[SourceDate "1999.07.01"]

1. d4 Nf6 2. c4 e6 3. Nf3 b6 4. g3 Bb7 5. Bg2 Be7 6. O-O O-O 7. Nc3 Ne4 8. Qc2
Nxc3 9. Qxc3 c5 10. Rd1 d6 11. b3 Bf6 12. Bb2 Qe7 13. Qc2 Nc6 14. e4 e5 15. d5
Nd4 16. Bxd4 exd4 17. Rab1 Rae8 18. Ne1 g5 $5 ({An alternative is} 18... g6)
19. Nd3 Bc8 20. Rf1 Bg7 21. Rbe1 g4 $1 22. Qd2 Qf6 23. Re2 Re7 24. b4 Rfe8 25.
Rfe1 Qg6 $1 {Black has the initiative.} 26. Nf4 $6 ({Preferable is} 26. f4 gxf3
27. Bxf3 Bh6 28. Nf4) 26... Qg5 27. bxc5 bxc5 28. Qc2 Be5 29. h4 $2 {
The knight should retreat.} gxh3 30. Nxh3 Qh5 31. Nf4 Bxf4 32. gxf4 f6 {
The kingside has been opened for an attack.} 33. Rd2 Rg7 34. Rd3 Qg4 35. Rg3
Qxf4 {He has gained a pawn.} 36. Qa4 Rf8 $5 37. Rxg7+ Kxg7 38. Qxa7+ Kh8 {
White has regained the pawn, but he cannot stop the charge.} 39. Qa3 Rg8 40.
Kf1 Bg4 (40... Qh2 $1 41. Bf3 Rg3 42. Ke2 d3+ $1 43. Qxd3 Bg4 {
wins for Black (Adams).}) 41. Qb3 Qd2 42. Qg3 Be2+ {
Adams had the highest rating of the players.} ({The pointe is} 42... Be2+ $1
43. Rxe2 Qc1+ $1 44. Re1 Qxc4+) 0-1

[Event "Staunton Memorial 5"]
[Site "London"]
[Date "2007.08.08"]
[Round "2"]
[White "Werle, Jan"]
[Black "Sokolov, Ivan"]
[Result "0-1"]
[WhiteElo "2552"]
[BlackElo "2666"]
[Annotator "JvR"]
[PlyCount "70"]
[EventDate "2007.08.07"]
[SourceDate "1999.07.01"]

1. d4 Nf6 2. c4 c6 3. Nc3 d5 4. e3 a6 5. Bd3 dxc4 6. Bxc4 b5 7. Be2 e6 8. Nf3
c5 9. e4 cxd4 10. Qxd4 Qxd4 11. Nxd4 b4 $5 {Black makes a sharp new move.} 12.
Na4 Nxe4 13. Nb6 Bc5 $1 14. Nxc8 ({The alternative is} 14. Nxa8 $5 Bxd4 15. f3
Nc3) 14... Nd7 (14... Bxd4 15. Bf3 Nd7 16. Nd6+ Nxd6 17. Bxa8 {
slightly favours White.}) 15. Be3 Rxc8 16. Bxa6 Rb8 17. Ke2 $5 {
The charge by the white king will end fatally.} e5 18. Nf5 g6 19. Ng3 $2 ({
Preferable is} 19. Nh6 $1) 19... Bxe3 20. Kxe3 Nec5 21. Bc4 f5 $1 {
Sokolov takes the initiative.} 22. f4 Nb6 23. Rac1 $6 ({More active is} 23.
Bb5+ Ke7 24. Rhd1) 23... exf4+ 24. Kxf4 Nxc4 25. Rxc4 Nd3+ $1 26. Kg5 $6 (26.
Ke3 Nxb2 27. Rd4 b3 28. axb3 Rxb3+ 29. Kd2 {tries to survive.}) 26... h6+ $1
27. Kxg6 $5 Ne5+ $1 28. Kg7 Ke7 $1 29. Nxf5+ Ke6 30. Nd4+ $5 Kd5 31. Rxb4 Rbg8+
$1 32. Kf6 Rg6+ 33. Ke7 Rh7+ 34. Kf8 Rf7+ 35. Ke8 Rg8# {
Sokolov attacked forcefully.} 0-1

[Event "Staunton Memorial 5"]
[Site "London"]
[Date "2007.08.10"]
[Round "4"]
[White "Werle, Jan"]
[Black "Van Wely, Loek"]
[Result "0-1"]
[WhiteElo "2552"]
[BlackElo "2680"]
[Annotator "JvR"]
[PlyCount "122"]
[EventDate "2007.08.07"]
[SourceDate "1999.07.01"]

1. d4 Nf6 2. c4 e6 3. Nf3 d5 4. Nc3 c6 5. e3 Nbd7 6. Bd3 dxc4 7. Bxc4 b5 8. Be2
Bb7 9. e4 b4 10. e5 bxc3 11. exf6 Nxf6 12. bxc3 Bd6 13. O-O O-O 14. Bg5 c5 15.
dxc5 $5 ({Known is} 15. Rb1) 15... Bxc5 {White has a weak pawn.} 16. Qa4 h6 17.
Rad1 Qe7 18. Bh4 Rfd8 19. Ne5 Qc7 $5 20. Bxf6 $1 gxf6 21. Nd7 $1 Be7 $1 {
The knight has been caught.} 22. Rd3 Kh7 23. Rfd1 $2 (23. Qd4 $1 Rg8 24. Rg3
Rxg3 25. fxg3 Kh8 26. Bd3 Qc6 27. Rf2 Qd5 28. Nxf6 Qxd4 29. cxd4 {equalises.})
23... Qc6 $1 24. Qxc6 Bxc6 25. c4 $6 (25. Bf3 Bxf3 26. Rxf3 Rab8 27. Rfd3 Rb2 {
also favours Black.}) 25... Rac8 26. g3 Ba4 27. R1d2 Kh8 28. Kg2 $5 Rc7 $5 29.
Nc5 Rxd3 30. Nxd3 Rxc4 31. Nb2 Bc6+ 32. Bf3 Bxf3+ 33. Kxf3 Rc7 {
Black has gained a pawn.} 34. Nd3 Rc3 35. Ke2 Kg7 36. Rb2 Ra3 37. Nc1 Bc5 38.
Rb5 Bb6 39. Rb2 f5 40. Rc2 Kf6 41. Rc4 Ra5 42. Rc2 Ra4 43. Nd3 Ke7 44. Nf4 Re4+
45. Kf3 Kd6 46. Ng2 Ra4 47. Ne3 Ra3 48. Kf4 Bxe3+ 49. fxe3 Ra4+ {
The rook ending is hard to win.} 50. Kf3 Ke7 51. Rb2 Kf6 52. Rc2 h5 $1 53. h4
a5 54. Rb2 Rb4 $1 55. Rc2 a4 56. Rd2 Rc4 57. Rb2 e5 58. Rb6+ Kg7 59. Ra6 $5 (
59. Rb2 Kg6 60. Rd2 a3 {will lose by a passive defence.}) 59... f6 60. a3 Kg6
61. Ke2 f4 $1 {Van Wely makes a breakthrough at the kingside.} (61... f4 62.
gxf4 exf4 63. Kd3 f3 $5 64. Kxc4 f2 {wins for Black.}) 0-1